Mātā. (Record no. 76341)

MARC details
000 -LEADER
fixed length control field 00513cam a22002171 4500
001 - CONTROL NUMBER
control field sa 67007075
003 - CONTROL NUMBER IDENTIFIER
control field DLC
005 - DATE AND TIME OF LATEST TRANSACTION
control field 20260227112412.0
008 - FIXED-LENGTH DATA ELEMENTS--GENERAL INFORMATION
fixed length control field 890823s1961 ii 000 0 hino
010 ## - LIBRARY OF CONGRESS CONTROL NUMBER
LC control number sa 67007075
035 ## - SYSTEM CONTROL NUMBER
System control number (OCoLC)20236587
040 ## - CATALOGING SOURCE
Original cataloging agency DLC
Transcribing agency WaU
Modifying agency DLC
042 ## - AUTHENTICATION CODE
Authentication code premarc
050 00 - LIBRARY OF CONGRESS CALL NUMBER
Classification number PK2098.C5259
Item number M33
100 1# - MAIN ENTRY--PERSONAL NAME
Personal name Caturvedī, Makhanalāla,
Dates associated with a name 1889-1968.
245 10 - TITLE STATEMENT
Title Mātā.
260 ## - PUBLICATION, DISTRIBUTION, ETC.
Date of publication, distribution, etc. [1961 or 2]
300 ## - PHYSICAL DESCRIPTION
Extent 160 p.
Dimensions 23 cm.
500 ## - GENERAL NOTE
General note In Hindi.
500 ## - GENERAL NOTE
General note Poems.

No items available.

Powered by Koha